| 000 | 03841nam a2200373 i 4500 | ||
|---|---|---|---|
| 001 | 768714001 | ||
| 003 | CO-MdFUSB | ||
| 005 | 20251001150228.0 | ||
| 007 | ta | ||
| 008 | 920903t19931992-us |s| 00| | eng | ||
| 020 | _a0800626753 | ||
| 040 |
_aDLC _beng _cCO-MdFUSB _dOrLoB-B _erda |
||
| 041 | _aeng | ||
| 082 |
_223 _a230.041 _bC537 |
||
| 100 | 1 |
_aChilds, Brevard S. _eautor |
|
| 245 | 1 | 0 |
_aBiblical theology of the Old and New Testaments : _btheological reflection on the Christian Bible _c/ Brevard S. Childs |
| 264 | 1 |
_aMinneapolis : _bFortress Press, _c[1992] |
|
| 264 | 4 | _c© 1992 | |
| 300 |
_a745 páginas ; _c23 cm. |
||
| 336 |
_atexto _btxt _2rdacontent. |
||
| 337 |
_asin mediación _bn _2rdamedia. |
||
| 338 |
_2rdacarrier. _avolumen _bnc |
||
| 504 | _aIncluye referencias bibliográficas e índices. | ||
| 505 |
_gParte I: _tProlegómenos _aLa historia de la disciplina de la teología bíblica. -- Modelos actuales para la teología bíblica. -- Enfoques clásicos cristianos anteriores a la teología bíblica. _gParte II: _tEn busca de un nuevo enfoque _aEl problema de la Biblia cristiana. -- Una aproximación canónica a la teología bíblica. -- Del testigo al tema. -- Categorías canónicas para estructurar una teología bíblica. _gParte III: _tEl testimonio discreto del Antiguo Testamento _aProblemas metodológicos. -- Creación. -- Del Edén a Babel. -- Tradiciones patriarcales (Génesis 12-50). -- Tradiciones mosaicos. -- La posesión de la tierra y el asentamiento. -- La tradición de los jueces. -- El establecimiento de la monarquía. -- El reino dividido. -- Exilio y restauración. -- La tradición profética. -- La tradición apocalíptica. -- La tradición de la sabiduría. -- La tradición de los Salmos. -- Excursus: el problema teológico de la historia del Antiguo Testamento _gParte IV: _tEl testimonio discreto del Nuevo Testamento _aEl problema hermenéutico del estudio histórico del Nuevo Testamento. -- La primera proclamación de la iglesia. -- El evangelio paulino. -- La formación de los evangelios. -- Los cuatro evangelios. -- El testimonio de Hechos a la misión de la iglesia. -- La era pospaulina. _gParte V: _tExégesis en el contexto de la teología bíblica _aGénesis 22.1-19 : La akedá. -- Mateo 21,33-46 : La parábola de los labradores malvados _gParte VI: _tReflexión teológica sobre la Biblia cristiana _aLa identidad de Dios. --Dios el creador. -- Alianza, elección, pueblo de Dios. -- Cristo el señor. -- Reconciliación con Dios Fe y evangelio. -- La humanidad: vieja y nueva. -- Fe bíblica. -- El reino y el gobierno de Dios. -- La forma de la vida obediente: la ética. _gParte VII: _tUna lectura holística de las Escrituras cristianas |
||
| 520 | _aEsta obra monumental es la primera teología bíblica integral que aparece en muchos años y es la culminación del compromiso de toda la vida de Brevard Child de construir una teología bíblica que supere las objeciones a la disciplina planteadas durante la generación pasada. Childs rechaza cualquier enfoque que enfatice demasiado la continuidad o la discontinuidad entre el Antiguo y el Nuevo Testamento. Se niega a seguir el patrón común en el pensamiento cristiano de identificar la teología bíblica con el interés del Nuevo Testamento en el Antiguo. Más bien, Childs traza un enfoque que refleja toda la Biblia cristiana con sus dos voces muy diferentes, cada una de las cuales conserva una integridad continua y se escucha en sus propios términos. | ||
| 563 | _aPasta dura | ||
| 630 | 0 | 7 |
_aBiblia _xCrítica, interpretación, etc. |
| 630 | 0 | 7 |
_aBiblia. _pAntiguo Testamento _xCrítica, interpretación, etc. |
| 630 | 0 | 7 |
_aBiblia. _pNuevo Testamento _xCrítica, interpretación, etc. |
| 650 | 7 |
_9320 _aTeología bíblica |
|
| 942 | _cBK | ||
| 945 | _aJTF-925 | ||
| 999 |
_c68547 _d68547 |
||